Theoretische nationalökonomie / (Record no. 184959)
[ view plain ]
| 000 -LEADER | |
|---|---|
| campo de control de longitud fija | 00448nam a2200157 i 4500 |
| 001 - NÚMERO DE CONTROL | |
| campo de control | 184959 |
| 003 - IDENTIFICADOR DE NÚMERO DE CONTROL | |
| campo de control | ES-MaACL |
| 005 - FECHA Y HORA DE LA ÚLTIMA TRANSACCIÓN | |
| campo de control | 20250602063236.0 |
| 008 - DATOS DE LONGITUD FIJA--INFORMACIÓN GENERAL | |
| campo de control de longitud fija | 160229s1922 gw |||| | ger d |
| 100 1# - ENTRADA PRINCIPAL--NOMBRE DE PERSONA | |
| Nombre de persona | Diehl, Karl, |
| Fechas asociadas al nombre | 1864-1943 |
| 9 (RLIN) | 44592 |
| 245 10 - MENCIÓN DEL TÍTULO | |
| Título | Theoretische nationalökonomie / |
| Mención de responsabilidad, etc. | von Karl Diehl. |
| 260 ## - PUBLICACIÓN, DISTRIBUCIÓN, ETC. | |
| Lugar de publicación, distribución, etc. | Jena : |
| Nombre del editor, distribuidor, etc. | G. Fischer, |
| Fecha de publicación, distribución, etc. | 1922. |
| 300 ## - DESCRIPCIÓN FÍSICA | |
| Extensión | IX, 500 p. ; |
| Dimensiones | 25 cm. |
| 852 ## - LOCALIZACIÓN | |
| Ubicación | ES-MaACL |
| Número de control de estantería | G-921 |
| Estatus retirado | Estado de pérdida | Estado de daño | No para préstamo | Biblioteca de origen | Biblioteca actual | Ubicación en estantería | Fecha de adquisición | Fuente de adquisición | Total de préstamos | Signatura topográfica completa | Código de barras | Visto por última vez | Precio de reemplazo | Tipo de ítem Koha |
|---|---|---|---|---|---|---|---|---|---|---|---|---|---|---|
| Biblioteca del Ateneo de Madrid | Biblioteca del Ateneo de Madrid | Depósito 2 | 29/02/2016 | G-921 | 1194809 | 23/02/2023 | 23/02/2023 | Libro impreso |
